[Event "Challenge"]
[Site "http://www.queenalice.com/game.php?id=1412512"]
[Date "2016.3.7"]
[Round "-"]
[White "Bloodnok"]
[Black "Tomas777"]
[Result "1-0"]
[WhiteElo "1500"]
[BlackElo "1686"]

1. e4 e5 2. f4 exf4 3. Nf3 Nf6 4. e5 Ng4 5. h3 Nh6 6. d4 g5 7. Bd3 b6 8. Be4 d5
9. exd6 c6 10. d5 c5 11. Qe2 Bxd6 12. Bf5+ Be7 13. Bxc8 Qxd5 14. Nc3 Qc6 15. Qe4
Qxe4+ 16. Nxe4 Nc6 17. Bb7 Rb8 18. Bxc6+ Kf8 19. Nexg5 f6 20. Ne6+ Kf7 21. Nxf4
Nf5 22. O-O Rbc8 23. Bd7 Rcd8 24. Bxf5 h5 25. Be3 Rhg8 26. Be6+ Kg7 27. Bxg8
Rxg8 28. Rad1 Kf7 29. Rd7 Ke8 30. Rxa7 Bd6 31. Ra8+ Kf7 32. Rxg8 Kxg8 33. Nxh5
f5 34. Rd1 Be7 35. Bg5 Bf8 36. Rd7 c4 37. Ne5 Bc5+ 38. Kf1 Kf8 39. Rd8# 1-0

[Event "AUTO-OPEN-3623"]
[Site "http://www.queenalice.com/game.php?id=1412667"]
[Date "2016.3.8"]
[Round "1"]
[White "Anusha"]
[Black "Bloodnok"]
[Result "1-0"]
[WhiteElo "2134"]
[BlackElo "2261"]

1. Nf3 d5 2. d4 Nf6 3. c3 Bf5 4. Bf4 e6 5. h3 c5 6. e3 Nbd7 7. Bd3 Qb6 8. Bxf5
Qxb2 9. Nbd2 exf5 10. Rb1 Qxa2 11. Rxb7 Ne4 12. Nxe4 fxe4 13. Ne5 Nxe5 14. Bxe5
f6 15. Bf4 c4 16. O-O Be7 17. Qh5+ Kf8 18. Qxd5 Qa3 19. Qxe4 Re8 20. Qe6 g5 21.
Bb8 Rg8 22. Bxa7 Qd6 23. Qxc4 Rg7 24. Rfb1 f5 25. Bc5 Qf6 26. R1b6 Qf7 27. Bxe7+
Rxe7 28. Rb8+ Re8 29. Qb4+ Qe7 30. Rxe8+ Kxe8 31. Rb8+ Kf7 32. Rb7 Kf6 33. Rxe7
1-0

[Event "AUTO-OPEN-3623"]
[Site "http://www.queenalice.com/game.php?id=1412668"]
[Date "2016.3.8"]
[Round "1"]
[White "Bloodnok"]
[Black "Anusha"]
[Result "1-0"]
[WhiteElo "2239"]
[BlackElo "2103"]

1. e4 e6 2. d4 d5 3. Nc3 Nf6 4. e5 Nfd7 5. f4 c5 6. dxc5 Bxc5 7. Nf3 Nc6 8. Bd3
Ne7 9. Qe2 a6 10. Bd2 O-O 11. Ng5 g6 12. O-O-O b5 13. g4 Bb7 14. Qg2 Kg7 15.
Rde1 h6 16. Nf3 Qc7 17. f5 Nc6 18. f6+ Kh7 19. Bxh6 Rh8 20. Bg7 Kg8 21. Bxh8
Kxh8 22. Qh3+ Kg8 23. Ng5 1-0

[Event "AUTO-OPEN-3623"]
[Site "http://www.queenalice.com/game.php?id=1412695"]
[Date "2016.3.8"]
[Round "1"]
[White "sss"]
[Black "Bloodnok"]
[Result "0-1"]
[WhiteElo "1682"]
[BlackElo "2229"]

1. e4 Nf6 2. Nc3 e5 3. Bc4 Nxe4 4. Nxe4 d5 5. Qf3 dxc4 6. h3 Nc6 7. c3 Be6 8.
Ne2 f5 9. N4g3 g6 10. O-O Be7 11. b3 Bd5 12. Ne4 Bxe4 13. Qg3 Qd3 14. Qxd3 Bxd3
15. Re1 Bxe2 16. Rxe2 cxb3 17. axb3 e4 0-1

[Event "AUTO-OPEN-3623"]
[Site "http://www.queenalice.com/game.php?id=1412696"]
[Date "2016.3.8"]
[Round "1"]
[White "Bloodnok"]
[Black "sss"]
[Result "1-0"]
[WhiteElo "2229"]
[BlackElo "1682"]

1. e4 e5 2. f4 Nc6 3. Nf3 d6 4. Bb5 Bd7 5. d3 a6 6. Bxc6 Bxc6 7. fxe5 dxe5 8.
Nxe5 Ne7 9. O-O f6 10. Nxc6 Nxc6 11. Nc3 Ne5 12. Bf4 Bd6 13. d4 Nc4 14. e5 fxe5
15. Qe2 b5 16. b3 Nb6 17. Bxe5 Qe7 18. Bxg7 O-O-O 19. Qxe7 Bxe7 20. Bxh8 Rxh8
21. Rf5 1-0

[Event "AUTO-OPEN-3623"]
[Site "http://www.queenalice.com/game.php?id=1412715"]
[Date "2016.3.8"]
[Round "1"]
[White "Bloodnok"]
[Black "solzhenitsyn"]
[Result "1-0"]
[WhiteElo "2195"]
[BlackElo "2063"]

1. f4 Nc6 2. Nf3 g6 3. e3 Bg7 4. Be2 b6 5. O-O Bb7 6. Nc3 Nf6 7. b3 O-O 8. Bb2
Re8 9. Bd3 Nb4 10. Be2 d6 11. a3 Nbd5 12. Nxd5 Bxd5 13. c4 Bb7 14. Qe1 c5 15. d3
Ng4 16. Bxg7 Kxg7 17. Qd2 Qc7 18. h3 Nh6 19. Nh4 e6 20. Bf3 Bxf3 21. Rxf3 Nf5
22. Qf2 Qc6 23. Rf1 a5 24. g4 Nxh4 25. Qxh4 a4 26. f5 exf5 27. gxf5 axb3 28.
fxg6 1-0

[Event "AUTO-OPEN-3623"]
[Site "http://www.queenalice.com/game.php?id=1412716"]
[Date "2016.3.8"]
[Round "1"]
[White "solzhenitsyn"]
[Black "Bloodnok"]
[Result "0-1"]
[WhiteElo "2057"]
[BlackElo "1982"]

1. d4 Nf6 2. c4 e5 3. Bg5 exd4 4. Nf3 c5 5. Qa4 Nc6 6. Nbd2 Be7 7. g3 O-O 8. Bg2
Re8 9. O-O h6 10. Bf4 g5 11. Be5 Nh7 12. g4 d6 13. Bg3 Bxg4 14. a3 Bd7 15. Qc2
h5 16. h3 Qc8 17. h4 gxh4 18. Nxh4 Bxh4 19. Bxh4 Bh3 20. Bxh3 Qxh3 21. Bg3 h4
22. Bh2 Kh8 23. Kh1 Rxe2 24. Rae1 Rg8 0-1

[Event "AUTO-ADV-3608"]
[Site "http://www.queenalice.com/game.php?id=1414208"]
[Date "2016.3.20"]
[Round "1"]
[White "Lopesq"]
[Black "Bloodnok"]
[Result "0-1"]
[WhiteElo "1862"]
[BlackElo "2133"]

1. Nf3 Nf6 2. d4 d5 3. c3 Bf5 4. Nbd2 e6 5. e3 c5 6. dxc5 Bxc5 7. Bb5+ Nbd7 8.
Bxd7+ Nxd7 9. Nb3 Bd6 10. Nbd4 Bg6 11. Qa4 O-O 12. b4 a5 13. b5 Nc5 14. Qd1 Nd3+
15. Kf1 e5 16. Bd2 exd4 17. cxd4 a4 18. a3 Qc7 19. h3 Qc4 20. Kg1 Qxb5 21. Ne1
Nb2 22. Qe2 Qxe2 23. Bb4 Bxb4 24. axb4 Nd3 25. Nxd3 Qxd3 26. Kh2 Qb3 27. Rhe1 a3
0-1

[Event "AUTO-ADV-3608"]
[Site "http://www.queenalice.com/game.php?id=1414209"]
[Date "2016.3.20"]
[Round "1"]
[White "Bloodnok"]
[Black "Lopesq"]
[Result "1-0"]
[WhiteElo "2101"]
[BlackElo "1862"]

1. e4 d5 2. exd5 Qxd5 3. Nc3 Qe5+ 4. Be2 c6 5. Nf3 Qc7 6. d4 Qd8 7. O-O Bg4 8.
Re1 e6 9. d5 Be7 10. dxe6 Bxe6 11. Qxd8+ Bxd8 12. Bc4 Be7 13. Bxe6 fxe6 14. Rxe6
Nf6 15. Bg5 Nbd7 16. Rae1 Kf8 17. Rxe7 Re8 18. Bxf6 Nxf6 19. Rxe8+ Nxe8 20. Ne5
Nf6 21. Ne4 Nxe4 22. Rxe4 g6 23. Rb4 b6 24. Nxc6 1-0

[Event "AUTO-ADV-3608"]
[Site "http://www.queenalice.com/game.php?id=1414220"]
[Date "2016.3.20"]
[Round "1"]
[White "Spessatto"]
[Black "Bloodnok"]
[Result "0-1"]
[WhiteElo "2040"]
[BlackElo "2154"]

1. d4 d5 2. h3 Nf6 3. Nf3 c5 4. Bf4 Nc6 5. e3 Qb6 6. Qc1 cxd4 7. exd4 Nxd4 8.
Nbd2 Nxf3+ 9. Nxf3 Bd7 10. c3 Bb5 11. Bc7 Qa6 12. Bxb5+ Qxb5 13. Nd4 Qc4 14. Be5
Nd7 15. Bg3 Nc5 16. Qe3 Nd3+ 17. Kd2 Nc5 18. f3 Nd7 19. Qd3 Qxd3+ 20. Kxd3 a6
21. Rae1 g6 22. Re2 e6 23. Rhe1 Be7 24. Nb3 Nc5+ 25. Nxc5 Bxc5 26. Be5 O-O 27.
Bd4 Bd6 28. Ke3 Rfc8 29. Kf2 Bc5 30. Bxc5 Rxc5 31. a3 Rac8 32. Kg3 Rb5 33. Kf4
Kf8 34. Ke5 Ke7 35. g4 Rc4 36. g5 h6 0-1

[Event "AUTO-ADV-3608"]
[Site "http://www.queenalice.com/game.php?id=1414221"]
[Date "2016.3.20"]
[Round "1"]
[White "Bloodnok"]
[Black "Spessatto"]
[Result "1-0"]
[WhiteElo "1793"]
[BlackElo "1959"]

1. e4 e5 2. f4 Nc6 3. Nf3 Bc5 4. fxe5 d6 5. d4 Bb6 6. exd6 Qxd6 7. e5 Qd5 8. Nc3
Ba5 9. Be2 Bxc3+ 10. bxc3 Nge7 11. O-O h6 12. Nd2 Ng6 13. Bc4 Qd7 14. Bxf7+ Kd8
15. Bxg6 Qe7 16. Bf5 Bxf5 17. Rxf5 Qh4 18. Qf3 Kd7 19. Rf7+ Ne7 20. e6+ Ke8 21.
Ba3 Qg5 22. Bxe7 1-0

[Event "AUTO-ADV-3608"]
[Site "http://www.queenalice.com/game.php?id=1414226"]
[Date "2016.3.20"]
[Round "1"]
[White "Quaff"]
[Black "Bloodnok"]
[Result "0-1"]
[WhiteElo "1989"]
[BlackElo "2220"]

1. e4 e5 2. Nf3 Nc6 3. Bc4 Nf6 4. d3 Bc5 5. c3 d6 6. h3 h6 7. b4 Bb6 8. a4 a6 9.
a5 Ba7 10. Be3 O-O 11. O-O Re8 12. Kh1 Be6 13. Bb3 b5 14. Nh2 d5 15. exd5 Nxd5
16. Bxd5 Qxd5 17. Bxa7 Nxa7 18. Qc2 Bxh3 19. f3 Bf5 20. Rd1 Rad8 21. Qe2 e4 22.
fxe4 Bxe4 23. Qf2 Nc8 24. Na3 Bxd3 25. Nc2 Qb3 26. Nd4 Qxc3 0-1

[Event "AUTO-ADV-3608"]
[Site "http://www.queenalice.com/game.php?id=1414227"]
[Date "2016.3.20"]
[Round "1"]
[White "Bloodnok"]
[Black "Quaff"]
[Result "1-0"]
[WhiteElo "2229"]
[BlackElo "1941"]

1. e4 e5 2. f4 exf4 3. Nf3 g5 4. h4 g4 5. Ne5 g3 6. Nxf7 Kxf7 7. d4 Bh6 8. Nc3
c6 9. Be2 d6 10. Bh5+ Kf8 11. Ne2 f3 12. Bxf3 Bxc1 13. Qxc1 Qf6 14. Rf1 Qxh4 15.
Bg4+ Ke7 16. Bxc8 Qxe4 17. Qg5+ 1-0

[Event "AUTO-ADV-3608"]
[Site "http://www.queenalice.com/game.php?id=1455695"]
[Date "2016.12.20"]
[Round "2"]
[White "ALDROB"]
[Black "Bloodnok"]
[Result "0-1"]
[WhiteElo "1844"]
[BlackElo "2161"]

1. e4 e5 2. Nf3 Nc6 3. Bb5 a6 4. Ba4 Nf6 5. O-O b5 6. Bb3 Nxe4 7. Re1 d5 8. d3
Nf6 9. Bg5 Be7 10. Nxe5 Nxe5 11. Rxe5 Be6 12. Nc3 c6 13. a4 Qc7 14. Qe2 Bd6 15.
Re3 d4 16. Rxe6+ fxe6 17. Bxe6 dxc3 18. bxc3 Bxh2+ 19. Kf1 Bf4 20. Bb3+ Kd8 21.
Bxf4 Qxf4 22. Re1 Re8 23. Qd1 Ng4 24. f3 Ne3+ 0-1

[Event "AUTO-ADV-3608"]
[Site "http://www.queenalice.com/game.php?id=1455696"]
[Date "2016.12.20"]
[Round "2"]
[White "Bloodnok"]
[Black "ALDROB"]
[Result "1-0"]
[WhiteElo "2158"]
[BlackElo "1820"]

1. e4 e5 2. f4 d6 3. Nf3 Bg4 4. Bc4 Nf6 5. Nc3 Be7 6. fxe5 dxe5 7. Bxf7+ Kxf7 8.
Nxe5+ Kg8 9. Nxg4 Nc6 10. d3 h5 11. Nxf6+ Bxf6 12. Nd5 Ne5 13. O-O c6 14. Nxf6+
gxf6 15. d4 Nd7 16. Qf3 Qe7 17. Bf4 Kf7 18. e5 f5 19. Bg3 h4 20. Qxf5+ Ke8 21.
Qg6+ Kd8 22. Rf7 1-0